Statistics for Most Followed Artists on Spotify

Click here to take the quiz!

General Stats

  • This quiz has been taken 5,783 times
    (1,236 since last reset)
  • The average score is 8 of 20

Answer Stats

Followers (millions)GenreArtist% Correct
90.6Country/PopTaylor Swift
93%
70.5K-popBTS
75%
81.1Rap/R&BDrake
71%
73.6PopThe Weeknd
61%
114.9PopEd Sheeran
56%
77.8RapEminem
56%
74.3PopJustin Bieber
54%
94.3PopAriana Grande
52%
46.3K-popBlackpink
46%
58.1PopRihanna
44%
75.9ReggaetonBad Bunny
43%
48.6RockQueen
29%
46.1PopSelena Gomez
28%
52.1PopAdele
26%
88.0PopBillie Eilish
24%
47.7Pop/RockColdplay
23%
51.7PopBruno Mars
17%
50.7Pop/RockImagine Dragons
17%
43.3RapXXXTentacion
7%
93.5FilmiArjit Singh
3%

Score Distribution

Percentile by Number Answered

Percent of People with Each Score

Your Score History

You have not taken this quiz since the last reset